| 000 | 01195nam a22002177a 4500 | ||
|---|---|---|---|
| 999 |
_c63456 _d63456 |
||
| 003 | Ge_BSU | ||
| 005 | 20251013184940.0 | ||
| 008 | 251013s1979 ge ||||| |||| 00| 0 geo d | ||
| 041 | _ageo | ||
| 080 | _a338(479.22)(09) გ-92 | ||
| 100 |
_aგუგუშვილი, პაატა _93880 |
||
| 245 |
_aსაქართველოსა და ამიერკავკასიის ეკონომიკური განვითარება XIX-XX საუკუნეებში : _b მონოგრაფიები. ტ. 6 / _cპაატა გუგუშვილი. |
||
| 264 |
_aთბილისი : _bმეცნიერება, _c1979. |
||
| 300 |
_a479 გვ.; _b22 სმ. |
||
| 500 | _aსაძიებლები: გვ. 439-466. | ||
| 653 | _aსაქართველოს ეკონომიკის ისტორია | ||
| 653 | _aამიერკავკასიის ეკონომიკის ისტორია | ||
| 700 |
_aჩანტლაძე, ვ. _eრედაქტორი _93436 |
||
| 700 |
_aნადირაძე, გ. _eმხატვარი _926021 |
||
| 942 |
_2udc _cᲬᲘᲒᲜᲘ |
||